000 00320nam a22001457a 4500
008 210311b ||||| |||| 00| 0 eng d
020 _a053403053X
041 _aeng
080 _a004
082 _a004
100 _a35
101 _aSHKI
245 _aIntroduction to Computer Graphics
_cDemel,T.J
942 _2udc
_cBK
999 _c56448
_d56448